000 00793nam a2200217Ia 4500
003 Ost
005 20260507075353.0
008 260507s9999||||xx |||||||||||||| ||und||
020 _a7126223977
040 _cfsecg
041 _aara
082 _a330
100 _aيوسف، يوسف حسن
_eمؤلف
245 0 _aالبنوك الإلكترونية /
_c يوسف حسن يوسف
260 _aالقاهرة:
_bالمركز القومي للإصدرات القانونية,
_c2012
300 _a302 صفحة؛
_bإيضاحات ؛
_c24 سم
520 _aماهية البنوك الإلكترونية- آلية البنوك الإلكترونية- البنوك الإلكترونية
653 _aالبنوك
653 _aالبنوك الإلكترونية
942 _cكتاب
999 _c44166
_d44166